Rock art of India : (Record no. 88346)

MARC details
000 -LEADER
fixed length control field 01111nam a22002777a 4500
005 - DATE AND TIME OF LATEST TRANSACTION
control field 20140908111456.0
010 ## - LCCN (DPL NO)
LC control number ENG-110759
020 ## - INTERNATIONAL STANDARD BOOK NUMBER
International Standard Book Number 9788183875141
Terms of availability 850.00
035 ## - SYSTEM CONTROL NUMBER
System control number EN-94291
037 ## - SOURCE OF ACQUISITION
Source of stock number/acquisition DBAD/PUB
082 ## - DEWEY DECIMAL CLASSIFICATION NUMBER
Classification number 016.70901130954
100 ## - MAIN ENTRY--PERSONAL NAME
Personal name Misra, Kamal K.
245 ## - TITLE STATEMENT
Title Rock art of India :
Statement of responsibility, etc by Kamal K. Misra, Sudhir Shrivastava [and] Mohammad Rehan
Remainder of title a selective bibliography : with an introduction by Robert G. Bednarik /
260 ## - PUBLICATION, DISTRIBUTION, ETC. (IMPRINT)
Place of publication, distribution, etc Bhopal
Name of publisher, distributor, etc Indira Gandhi Rashtriya Manav Sangrahalaya
260 ## - PUBLICATION, DISTRIBUTION, ETC. (IMPRINT)
Place of publication, distribution, etc New Delhi
Name of publisher, distributor, etc Serials Publications
Date of publication, distribution, etc 2011
270 ## - ADDRESS
Address 4830/24, Prahlad Street, Ansari Road, Darya Ganj
City New Delhi
Postal code 110002
300 ## - PHYSICAL DESCRIPTION
Extent xx,256p.
Dimensions 22cm(Hb)
500 ## - GENERAL NOTE
General note Includes bibliographical references and index
650 ## - SUBJECT ADDED ENTRY--TOPICAL TERM
Topical term or geographic name as entry element Rock paintings
Geographic subdivision India
Form subdivision Bibliography.
650 ## - SUBJECT ADDED ENTRY--TOPICAL TERM
Topical term or geographic name as entry element Petroglyphs
Geographic subdivision India
Form subdivision Bibliography.
650 ## - SUBJECT ADDED ENTRY--TOPICAL TERM
Topical term or geographic name as entry element Art, Prehistoric
Geographic subdivision India
Form subdivision Bibliography.
700 ## - ADDED ENTRY--PERSONAL NAME
Personal name Shrivastava, Sudhir
700 ## - ADDED ENTRY--PERSONAL NAME
Personal name Rehan, Mohammad
710 ## - ADDED ENTRY--CORPORATE NAME
Corporate name or jurisdiction name as entry element Indirā Gāndhī Rāshṭrīya Mānava Saṅgrahālaya.
942 ## - ADDED ENTRY ELEMENTS (KOHA)
Source of classification or shelving scheme Dewey Decimal Classification
Item type English Books
Classification part 016.70901130954
Call number suffix MIS
Holdings
Withdrawn status Lost status Not for loan Collection code Home library Current library Date acquired Source of acquisition Cost, normal purchase price Full call number Barcode Copy number Cost, replacement price Koha item type
    Not For Loan Non-fiction D.B.Act.Division D.B.Act.Division 05/09/2014 DBAD / PUB 850.00 016.70901130954 MIS EN-94291 1 850.00 English Books

© Delhi Public Library
Hit Counter
free hit counter